Pranayam ( Hindi) (Record no. 11164)

MARC details
000 -LEADER
fixed length control field 00291nam a2200133Ia 4500
008 - FIXED-LENGTH DATA ELEMENTS--GENERAL INFORMATION
fixed length control field 220613s9999||||xx |||||||||||||| ||und||
100 ## - MAIN ENTRY--PERSONAL NAME
Author Name Kuvalyananda Swami
245 #0 - TITLE STATEMENT
Title Pranayam ( Hindi)
250 ## - EDITION STATEMENT
Edition 3rd(2012)
260 ## - PUBLICATION, DISTRIBUTION, ETC. (IMPRINT)
Name of publisher Kevalthdham
300 ## - PHYSICAL DESCRIPTION
Page No 200
650 ## - SUBJECT ADDED ENTRY--TOPICAL TERM
Subject Yoga
942 ## - ADDED ENTRY ELEMENTS (KOHA)
Koha item type GB
Holdings
Withdrawn status Lost status Source of classification or shelving scheme Damaged status Not for loan Home library Current library Date acquired Total Checkouts Barcode Date last seen Date checked out Koha item type
          SRHU Library System SRHU Library System     CL0018641     GB
    Dewey Decimal Classification     SRHU Library System School of Yoga Sciences 25/05/2023 1 CL0018600 16/09/2023 25/05/2023 Yoga Science
Designed & Maintained by: SRHU Library System
Central Library, Contact: